| 000 | 00366nam a2200109Ia 4500 | ||
|---|---|---|---|
| 008 | 171204s9999 xx 000 0 und d | ||
| 245 | _aCybersecurity for Executives: A Practical Guide: | ||
| 245 | _cC. Joseph Touhill and Gregory J. Touhill | ||
| 260 | _c2014 | ||
| 650 | _xFUNDAMENTALS OF INFORMATION SECURITY | ||
| 856 | _uhttp://down.ebook777.com/060/1118888146.pdf | ||
| 999 |
_c347204 _d347204 |
||